Normal view
MARC view
Entry Meeting Name
001 - CONTROL NUMBER
- control field: 28341
003 - CONTROL NUMBER IDENTIFIER
- control field: OSt
005 - DATE AND TIME OF LATEST TRANSACTION
- control field: 20211105135145.0
008 - FIXED-LENGTH DATA ELEMENTS
- fixed length control field: 211105|| aca||aabn | a|a d
040 ## - CATALOGING SOURCE
- Original cataloging agency: OSt
- Transcribing agency: OSt
111 ## - HEADING--MEETING NAME
- Meeting name or jurisdiction name as entry element: Workshop on Next Generation Wide-Field Multi-Object Spectroscopy
- Location of meeting: USA
- Date of meeting or treaty signing: 2001 Oct. 11-12
670 ## - SOURCE DATA FOUND
- Source citation: Work cat.: (OSt): Workshop on Next Generation Wide-Field Multi-Object Spectroscopy USA 2001 Oct. 11-12, Next generation wide-field multi-object spectroscopy, 2002